Tidak mahu penjajahan, pantun (Tamil)

Bibliographic Details
Main Author: Ananthan, S.
Format: Book
Published: Chennai : Manimegalai , 2004
Subjects:

MARC

LEADER 00000cam a2200000 7i4500
001 0000021086
005 20080711.0
008 080711
020 |a RM10.50 
090 0 0 |a 808.81   |b ANA 
100 0 |a Ananthan, S. 
245 1 0 |a Tidak mahu penjajahan, pantun (Tamil)   |c S.Ananthan 
260 |a Chennai :   |b Manimegalai ,   |c 2004 
650 0 |a Poetry   |x collections 
650 0 |a Quatrain   |x Tamil 
650 0 |a Tamil poetry   |x collection 
999 |a 0001028734   |b Book   |c Tamil Collection   |e Cawangan Segamat 
999 |a 0001028735   |b Book   |c Tamil Collection   |e Perbadanan Perpustakaan Awam Johor 
999 |a 0001028736   |b Book   |c Tamil Collection   |e Perbadanan Perpustakaan Awam Johor